000 00364 a2200157 4500
001 24732
020 _a9788535703382
040 _cAnchieta - São Paulo/Itaigara
100 _aScliar, Moacyr
240 1 0 _aUma história só pra mim
_lpor
245 1 0 _aUma história só pra mim
300 _a64
362 0 _a2009
650 4 _aLiteratura juvenil
942 _cBK
999 _c24732
_d24732